[Event "Stay Safe Play From Home 175"]
[Site "T#646355Emanuel Laske"]
[Date "2020.05.26"]
[Round "4"]
[White "Rish_97"]
[Black "Eidgenosse"]
[Result "1-0"]
[WhiteElo "2055"]
[BlackElo "2454"]
[Annotator "NA"]
[PlyCount "37"]
[EventDate "2020.05.26"]
[EventType "swiss (blitz)"]

1. e4 {[%emt 0:00:02]} d6 {[%emt 0:00:00]} 2. Nc3 {[%emt 0:00:01]} Nf6 {[%emt 0:00:00]} 3. g3 {[%emt 0:00:00]} e5 {[%emt 0:00:00]} 4. Bg2 {[%emt 0:00:00]} g6 {[%emt 0:00:00]} 5. d3 {[%emt 0:00:00]} Bg7 {[%emt 0:00:00]} 6. Nge2 {[%emt 0:00:00]} O-O {[%emt 0:00:00]} 7. h3 {[%emt 0:00:00]} c6 {[%emt 0:00:00]} 8. O-O {[%emt 0:00:00]} d5 {[%emt 0:00:00]} 9. exd5 {[%emt 0:00:03]} cxd5 {[%emt 0:00:00]} 10. Bg5 {[%emt 0:00:01]} Be6 {[%emt 0:00:02]} 11. f4 {[%emt 0:00:01]} Nc6 {[%emt 0:00:02]} 12. fxe5 {[%emt 0:00:01]} Nxe5 {[%emt 0:00:00]} 13. Nf4 {[%emt 0:00:01]} d4 {[%emt 0:00:03]} 14. Ne4 {[%emt 0:00:02]} Bf5 {[%emt 0:00:01]} 15. Nd5 {[%emt 0:00:05]} Bxe4 {[%emt 0:00:04]} 16. Nxf6+ {[%emt 0:00:01]} Bxf6 {[%emt 0:00:06]} 17. Bxf6 {[%emt 0:00:00]} Qb6 {[%emt 0:00:06]} 18. Bxe4 {[%emt 0:00:02]} Nc6 {[%emt 0:00:02]} 19. Qd2 {[%emt 0:00:01] Eidgenosse gibt auf (Lag: Av=0.56s, max=1.6s)} 1-0

[Event "Stay Safe Play From Home 175"]
[Site "T#646355Emanuel Laske"]
[Date "2020.05.26"]
[Round "4"]
[White "Fischer_11"]
[Black "Grizzzly"]
[Result "1-0"]
[WhiteElo "1893"]
[BlackElo "1676"]
[Annotator "NA"]
[PlyCount "55"]
[EventDate "2020.05.26"]
[EventType "swiss (blitz)"]

1. e4 {[%emt 0:00:01]} c6 {[%emt 0:00:00]} 2. d4 {[%emt 0:00:01]} d5 {[%emt 0:00:00]} 3. exd5 {[%emt 0:00:00]} cxd5 {[%emt 0:00:01]} 4. c4 {[%emt 0:00:01]} Nf6 {[%emt 0:00:00]} 5. Nc3 {[%emt 0:00:00]} Nc6 {[%emt 0:00:01]} 6. Bg5 {[%emt 0:00:00]} e6 {[%emt 0:00:01]} 7. Nf3 {[%emt 0:00:01]} Be7 {[%emt 0:00:00]} 8. c5 {[%emt 0:00:01]} Ne4 {[%emt 0:00:02]} 9. Bxe7 {[%emt 0:00:02]} Qxe7 {[%emt 0:00:01]} 10. Rc1 {[%emt 0:00:00]} O-O {[%emt 0:00:02]} 11. Bd3 {[%emt 0:00:01]} f5 {[%emt 0:00:02]} 12. O-O {[%emt 0:00:01]} Qd7 {[%emt 0:00:02]} 13. Bb5 {[%emt 0:00:01]} a6 {[%emt 0:00:03]} 14. Ne5 {[%emt 0:00:01]} Qc7 {[%emt 0:00:05]} 15. Bxc6 {[%emt 0:00:01]} bxc6 {[%emt 0:00:01]} 16. f3 {[%emt 0:00:02]} Nxc3 {[%emt 0:00:02]} 17. Rxc3 {[%emt 0:00:00]} a5 {[%emt 0:00:02]} 18. b3 {[%emt 0:00:01]} Ba6 {[%emt 0:00:03]} 19. Re1 {[%emt 0:00:01]} Rab8 {[%emt 0:00:01]} 20. a3 {[%emt 0:00:01]} Rb5 {[%emt 0:00:03]} 21. Qd3 {[%emt 0:00:07]} Rfb8 {[%emt 0:00:01]} 22. Qc2 {[%emt 0:00:08]} a4 {[%emt 0:00:03]} 23. bxa4 {[%emt 0:00:03]} Rb2 {[%emt 0:00:01]} 24. Qc1 {[%emt 0:00:02]} Qa5 {[%emt 0:00:01]} 25. Nxc6 {[%emt 0:00:03]} R8b7 {[%emt 0:00:06]} 26. Nxa5 {[%emt 0:00:01]} Bc4 {[%emt 0:00:05]} 27. Nxb7 {[%emt 0:00:01]} Ba2 {[%emt 0:00:01] Grizzzly gibt auf} 28. Rc2 {[%emt 0:00:02] (Lag: Av=0.27s, max=0.6s)} 1-0

[Event "Stay Safe Play From Home 175"]
[Site "T#646355Emanuel Laske"]
[Date "2020.05.26"]
[Round "4"]
[White "The Next Contender"]
[Black "matanant"]
[Result "1-0"]
[WhiteElo "1889"]
[BlackElo "1689"]
[Annotator "NA RC"]
[PlyCount "37"]
[EventDate "2020.05.26"]
[EventType "swiss (blitz)"]

1. d4 {[%emt 0:00:01]} e6 {[%emt 0:00:02]} 2. c4 {[%emt 0:00:00]} f5 {[%emt 0:00:05]} 3. Nf3 {[%emt 0:00:01]} Nf6 {[%emt 0:00:02]} 4. g3 {[%emt 0:00:01]} Bb4+ {[%emt 0:00:02]} 5. Bd2 {[%emt 0:00:01]} Qe7 {[%emt 0:00:04]} 6. Bg2 {[%emt 0:00:01]} O-O {[%emt 0:00:03]} 7. e3 {[%emt 0:00:00]} Ne4 {[%emt 0:00:03]} 8. O-O {[%emt 0:00:01]} Nxd2 {[%emt 0:00:03]} 9. Nbxd2 {[%emt 0:00:00]} c5 {[%emt 0:00:01]} 10. a3 {[%emt 0:00:01]} Ba5 {[%emt 0:00:09]} 11. Nb3 {[%emt 0:00:10]} Bb6 {[%emt 0:00:06]} 12. dxc5 {[%emt 0:00:02]} Bxc5 {[%emt 0:00:02]} 13. Ne5 {[%emt 0:00:05]} Nc6 {[%emt 0:00:05]} 14. Nxc5 {[%emt 0:00:07]} Nxe5 {[%emt 0:00:05]} 15. Nxb7 {[%emt 0:00:02]} Bxb7 {[%emt 0:00:02]} 16. Bxb7 {[%emt 0:00:00]} Rab8 {[%emt 0:00:01]} 17. Ba6 {[%emt 0:00:02]} Qc5 {[%emt 0:00:05]} 18. b4 {[%emt 0:00:02]} d5 {[%emt 0:00:00]} 19. bxc5 {[%emt 0:00:01] Time} 1-0

[Event "Stay Safe Play From Home 175"]
[Site "T#646355Emanuel Laske"]
[Date "2020.05.26"]
[Round "4"]
[White "NeatFox"]
[Black "Tobo Rubirosa"]
[Result "1-0"]
[WhiteElo "1754"]
[BlackElo "1494"]
[Annotator "NA RC"]
[PlyCount "63"]
[EventDate "2020.05.26"]
[EventType "swiss (blitz)"]

1. g4 {[%emt 0:00:00]} d5 {[%emt 0:00:03]} 2. Bg2 {[%emt 0:00:00]} Bxg4 {[%emt 0:00:03]} 3. c4 {[%emt 0:00:00]} c6 {[%emt 0:00:03]} 4. cxd5 {[%emt 0:00:01]} cxd5 {[%emt 0:00:01]} 5. Qb3 {[%emt 0:00:00]} Nc6 {[%emt 0:00:02]} 6. Bxd5 {[%emt 0:00:01]} Be6 {[%emt 0:00:03]} 7. Bxe6 {[%emt 0:00:02]} fxe6 {[%emt 0:00:01]} 8. Qxb7 {[%emt 0:00:01]} Qc8 {[%emt 0:00:01]} 9. Qxc8+ {[%emt 0:00:02]} Rxc8 {[%emt 0:00:02]} 10. Nc3 {[%emt 0:00:00]} Nf6 {[%emt 0:00:01]} 11. Nf3 {[%emt 0:00:00]} g6 {[%emt 0:00:00]} 12. Ng5 {[%emt 0:00:02]} Bg7 {[%emt 0:00:01]} 13. Nxe6 {[%emt 0:00:01]} Kf7 {[%emt 0:00:01]} 14. Nxg7 {[%emt 0:00:01]} Kxg7 {[%emt 0:00:01]} 15. b3 {[%emt 0:00:00]} Rhd8 {[%emt 0:00:03]} 16. Bb2 {[%emt 0:00:00]} Nd4 {[%emt 0:00:01]} 17. Kf1 {[%emt 0:00:02]} Nc2 {[%emt 0:00:03]} 18. Rd1 {[%emt 0:00:01]} Nb4 {[%emt 0:00:03]} 19. a3 {[%emt 0:00:02]} Nbd5 {[%emt 0:00:01]} 20. Ne4 {[%emt 0:00:02]} Kf7 {[%emt 0:00:02]} 21. Ng5+ {[%emt 0:00:02]} Kg7 {[%emt 0:00:02]} 22. Ne6+ {[%emt 0:00:01]} Kf7 {[%emt 0:00:04]} 23. Nxd8+ {[%emt 0:00:00]} Rxd8 {[%emt 0:00:01]} 24. Bxf6 {[%emt 0:00:01]} Kxf6 {[%emt 0:00:02]} 25. d4 {[%emt 0:00:01]} Nc3 {[%emt 0:00:03]} 26. Rd2 {[%emt 0:00:01]} Nb5 {[%emt 0:00:04]} 27. a4 {[%emt 0:00:01]} Nxd4 {[%emt 0:00:01]} 28. e3 {[%emt 0:00:01]} Nf3 {[%emt 0:00:03]} 29. Rxd8 {[%emt 0:00:00]} Nxh2+ {[%emt 0:00:02]} 30. Rxh2 {[%emt 0:00:01]} Kf7 {[%emt 0:00:01]} 31. Rxh7+ {[%emt 0:00:01]} Kf6 {[%emt 0:00:02]} 32. Rf8+ {[%emt 0:00:01] Tiempo (Lag: Av=1.23s, max=4.5s)} 1-0

[Event "Stay Safe Play From Home 175"]
[Site "T#646355Emanuel Laske"]
[Date "2020.05.26"]
[Round "4"]
[White "Justwatch"]
[Black "Castlingarrocco"]
[Result "0-1"]
[WhiteElo "1718"]
[BlackElo "2038"]
[Annotator "RC"]
[PlyCount "72"]
[EventDate "2020.05.26"]
[EventType "swiss (blitz)"]

1. e4 {[%emt 0:00:01]} e6 {[%emt 0:00:01]} 2. Nf3 {[%emt 0:00:01]} d5 {[%emt 0:00:00]} 3. exd5 {[%emt 0:00:00]} exd5 {[%emt 0:00:00]} 4. d4 {[%emt 0:00:00]} c6 {[%emt 0:00:00]} 5. Be3 {[%emt 0:00:00]} f5 {[%emt 0:00:00]} 6. Nbd2 {[%emt 0:00:00]} Nf6 {[%emt 0:00:01]} 7. Bg5 {[%emt 0:00:01]} Be7 {[%emt 0:00:01]} 8. Bd3 {[%emt 0:00:01]} Ne4 {[%emt 0:00:00]} 9. Bxe7 {[%emt 0:00:01]} Qxe7 {[%emt 0:00:00]} 10. O-O {[%emt 0:00:00]} O-O {[%emt 0:00:01]} 11. Ne5 {[%emt 0:00:01]} Be6 {[%emt 0:00:01]} 12. Ndf3 {[%emt 0:00:01]} Nd7 {[%emt 0:00:01]} 13. Re1 {[%emt 0:00:01]} g5 {[%emt 0:00:01]} 14. Nxd7 {[%emt 0:00:04]} Bxd7 {[%emt 0:00:01]} 15. Ne5 {[%emt 0:00:01]} Be6 {[%emt 0:00:01]} 16. f3 {[%emt 0:00:01]} Nd6 {[%emt 0:00:01]} 17. c3 {[%emt 0:00:04]} Nf7 {[%emt 0:00:01]} 18. Nxf7 {[%emt 0:00:02]} Qxf7 {[%emt 0:00:01]} 19. Re5 {[%emt 0:00:02]} Rae8 {[%emt 0:00:01]} 20. Qe2 {[%emt 0:00:01]} Bd7 {[%emt 0:00:01]} 21. Re1 {[%emt 0:00:02]} Rxe5 {[%emt 0:00:01]} 22. Qxe5 {[%emt 0:00:00]} Re8 {[%emt 0:00:01]} 23. Qxe8+ {[%emt 0:00:04]} Bxe8 {[%emt 0:00:00]} 24. Kf2 {[%emt 0:00:01]} Bd7 {[%emt 0:00:01]} 25. Re5 {[%emt 0:00:01]} Qf6 {[%emt 0:00:01]} 26. h3 {[%emt 0:00:01]} h6 {[%emt 0:00:01]} 27. g3 {[%emt 0:00:01]} Kf7 {[%emt 0:00:01]} 28. a3 {[%emt 0:00:01]} b6 {[%emt 0:00:01]} 29. b3 {[%emt 0:00:01]} Be6 {[%emt 0:00:01]} 30. a4 {[%emt 0:00:02]} a5 {[%emt 0:00:03]} 31. Re3 {[%emt 0:00:02]} f4 {[%emt 0:00:01]} 32. gxf4 {[%emt 0:00:02]} gxf4 {[%emt 0:00:01]} 33. Re5 {[%emt 0:00:00]} Bxh3 {[%emt 0:00:02]} 34. Rh5 {[%emt 0:00:01]} Be6 {[%emt 0:00:03]} 35. Rh4 {[%emt 0:00:02]} Qxh4+ {[%emt 0:00:02]} 36. Ke2 {[%emt 0:00:00]} Qh2+ {[%emt 0:00:01]} 0-1

[Event "Stay Safe Play From Home 175"]
[Site "T#646355Emanuel Laske"]
[Date "2020.05.26"]
[Round "4"]
[White "Trotsky"]
[Black "Haxhi Baha"]
[Result "0-1"]
[WhiteElo "1522"]
[BlackElo "1917"]
[Annotator "TA"]
[PlyCount "10"]
[EventDate "2020.05.26"]
[EventType "swiss (blitz)"]

{[%evp 9,10,-510,-509]} 1. d4 d5 2. e3 c5 3. c4 e6 4. Nc3 cxd4 {[#]} 5. e4 $146 ({Predecessor:} 5. exd4 Nf6 6. Nf3 Bb4 7. Bd3 dxc4 8. Bxc4 O-O 9. O-O Nbd7 10. Qe2 Bxc3 11. bxc3 Qc7 12. Ba3 Re8 13. Rac1 b6 14. Ne5 Nxe5 15. dxe5 Nd5 16. Bd6 Qc6 17. Bb5 Nf4 18. Bxc6 Nxe2+ 19. Kh1 Nxc1 20. Bxe8 {½-½ (52) Jussupow,A (2576)-Willemze,T (2392) Netherlands 2011}) 5... dxc3 0-1

[Event "Stay Safe Play From Home 175"]
[Site "T#646355Emanuel Laske"]
[Date "2020.05.26"]
[Round "5"]
[White "Toosieslide"]
[Black "Rish_97"]
[Result "0-1"]
[WhiteElo "2294"]
[BlackElo "2184"]
[Annotator "NA"]
[PlyCount "152"]
[EventDate "2020.05.26"]
[EventType "swiss (blitz)"]

1. d4 {[%emt 0:00:02]} Nf6 {[%emt 0:00:01]} 2. c4 {[%emt 0:00:01]} e6 {[%emt 0:00:00]} 3. Nc3 {[%emt 0:00:01]} Bb4 {[%emt 0:00:00]} 4. e3 {[%emt 0:00:01]} O-O {[%emt 0:00:01]} 5. Bd3 {[%emt 0:00:01]} d5 {[%emt 0:00:00]} 6. Nf3 {[%emt 0:00:02]} dxc4 {[%emt 0:00:02]} 7. Bxc4 {[%emt 0:00:00]} c5 {[%emt 0:00:00]} 8. O-O {[%emt 0:00:01]} Bd7 {[%emt 0:00:02]} 9. a3 {[%emt 0:00:01]} Bxc3 {[%emt 0:00:03]} 10. bxc3 {[%emt 0:00:00]} Qc7 {[%emt 0:00:00]} 11. Ba2 {[%emt 0:00:02]} Bb5 {[%emt 0:00:02]} 12. Re1 {[%emt 0:00:03]} Nbd7 {[%emt 0:00:01]} 13. a4 {[%emt 0:00:01]} Bc6 {[%emt 0:00:01]} 14. Ba3 {[%emt 0:00:01]} Rfd8 {[%emt 0:00:02]} 15. Qe2 {[%emt 0:00:03]} Ne4 {[%emt 0:00:01]} 16. Rac1 {[%emt 0:00:02]} Bxa4 {[%emt 0:00:01]} 17. d5 {[%emt 0:00:01]} exd5 {[%emt 0:00:02]} 18. Bxd5 {[%emt 0:00:00]} Ndf6 {[%emt 0:00:01]} 19. Bxf7+ {[%emt 0:00:03]} Qxf7 {[%emt 0:00:02]} 20. Ne5 {[%emt 0:00:01]} Qe6 {[%emt 0:00:02]} 21. Nd3 {[%emt 0:00:02]} Bb5 {[%emt 0:00:01]} 22. c4 {[%emt 0:00:02]} Bxc4 {[%emt 0:00:04]} 23. Nf4 {[%emt 0:00:00]} Bxe2 {[%emt 0:00:02]} 24. Nxe6 {[%emt 0:00:00]} Rd6 {[%emt 0:00:00]} 25. Nxc5 {[%emt 0:00:01]} Nxc5 {[%emt 0:00:01]} 26. Bxc5 {[%emt 0:00:00]} Rd2 {[%emt 0:00:01]} 27. Bb4 {[%emt 0:00:02]} Ra2 {[%emt 0:00:02]} 28. f3 {[%emt 0:00:02]} Bd3 {[%emt 0:00:02]} 29. Bc3 {[%emt 0:00:00]} Rc8 {[%emt 0:00:02]} 30. Red1 {[%emt 0:00:02]} Bg6 {[%emt 0:00:02]} 31. Bxf6 {[%emt 0:00:02]} Rxc1 {[%emt 0:00:01]} 32. Rxc1 {[%emt 0:00:00]} gxf6 {[%emt 0:00:00]} 33. Rc8+ {[%emt 0:00:00]} Kf7 {[%emt 0:00:01]} 34. Rc7+ {[%emt 0:00:00]} Ke6 {[%emt 0:00:00]} 35. Rxb7 {[%emt 0:00:00]} a5 {[%emt 0:00:00]} 36. h3 {[%emt 0:00:01]} a4 {[%emt 0:00:01]} 37. Ra7 {[%emt 0:00:00]} a3 {[%emt 0:00:01]} 38. Kh2 {[%emt 0:00:00]} Ra1 {[%emt 0:00:00]} 39. Ra6+ {[%emt 0:00:01]} Kd5 {[%emt 0:00:02]} 40. Rxf6 {[%emt 0:00:02]} a2 {[%emt 0:00:01]} 41. Ra6 {[%emt 0:00:00]} Kc4 {[%emt 0:00:00]} 42. f4 {[%emt 0:00:01]} Kd3 {[%emt 0:00:01]} 43. g4 {[%emt 0:00:01]} Bf7 {[%emt 0:00:00]} 44. f5 {[%emt 0:00:00]} Bb3 {[%emt 0:00:01]} 45. f6 {[%emt 0:00:01]} Rb1 {[%emt 0:00:00]} 46. Rxa2 {[%emt 0:00:02]} Bf7 {[%emt 0:00:00]} 47. g5 {[%emt 0:00:00]} Bxa2 {[%emt 0:00:01]} 48. Kg3 {[%emt 0:00:00]} Rb2 {[%emt 0:00:00]} 49. Kg4 {[%emt 0:00:01]} Bf7 {[%emt 0:00:00]} 50. Kf5 {[%emt 0:00:01]} Kxe3 {[%emt 0:00:00]} 51. h4 {[%emt 0:00:00]} Rf2+ {[%emt 0:00:00]} 52. Kg4 {[%emt 0:00:00]} Bg6 {[%emt 0:00:00]} 53. h5 {[%emt 0:00:00]} Bf5+ {[%emt 0:00:00]} 54. Kh4 {[%emt 0:00:01]} Rg2 {[%emt 0:00:00]} 55. f7 {[%emt 0:00:01]} Rh2+ {[%emt 0:00:00]} 56. Kg3 {[%emt 0:00:01]} Rh3+ {[%emt 0:00:00]} 57. Kg2 {[%emt 0:00:00]} Rf3 {[%emt 0:00:00]} 58. f8=Q {[%emt 0:00:01]} Bh3+ {[%emt 0:00:00]} 59. Kh2 {[%emt 0:00:01]} Rxf8 {[%emt 0:00:00]} 60. Kxh3 {[%emt 0:00:00]} Rf3+ {[%emt 0:00:00]} 61. Kg4 {[%emt 0:00:00]} Rf4+ {[%emt 0:00:00]} 62. Kg3 {[%emt 0:00:00]} Ke4 {[%emt 0:00:00]} 63. h6 {[%emt 0:00:01]} Kf5 {[%emt 0:00:01]} 64. g6 {[%emt 0:00:00]} Rg4+ {[%emt 0:00:00]} 65. Kh3 {[%emt 0:00:01]} Rxg6 {[%emt 0:00:00]} 66. Kh4 {[%emt 0:00:00]} Rxh6+ {[%emt 0:00:00]} 67. Kg3 {[%emt 0:00:00]} Rg6+ {[%emt 0:00:00]} 68. Kf2 {[%emt 0:00:00]} Rg4 {[%emt 0:00:01]} 69. Ke3 {[%emt 0:00:00]} h5 {[%emt 0:00:00]} 70. Kd3 {[%emt 0:00:00]} h4 {[%emt 0:00:00]} 71. Kc2 {[%emt 0:00:00]} h3 {[%emt 0:00:00]} 72. Kc3 {[%emt 0:00:00]} h2 {[%emt 0:00:00]} 73. Kd3 {[%emt 0:00:00]} h1=Q {[%emt 0:00:00]} 74. Kd2 {[%emt 0:00:00]} Qf3 {[%emt 0:00:00]} 75. Kc1 {[%emt 0:00:01]} Rg2 {[%emt 0:00:01]} 76. Kb1 {[%emt 0:00:00]} Qf1# {[%emt 0:00:00] (Lag: Av=0.72s, max=1.1s)} 0-1

[Event "Stay Safe Play From Home 175"]
[Site "T#646355Emanuel Laske"]
[Date "2020.05.26"]
[Round "5"]
[White "SoulofWolf"]
[Black "AChessPlayer"]
[Result "1-0"]
[WhiteElo "2219"]
[BlackElo "2411"]
[Annotator "TA"]
[PlyCount "75"]
[EventDate "2020.05.26"]
[EventType "swiss (blitz)"]

{[%evp 11,75,30,57,0,88,19,23,-59,35,-29,0,-29,-50,-50,-24,-60,-46,-51,0,-22,0,-22,72,87,78,0,-21,-99,-110,-118,-87,-106,-67,-122,-94,-204,-199,-206,-133,-129,-131,-334,-152,-169,173,-291,-223,-275,-223,-324,-343,-340,-339,-518,-300,-322,-320,-772,-304,-751,583,590,593,500,432,169]} 1. c4 c5 2. Nc3 Nc6 3. e3 g6 4. Nf3 Bg7 5. d4 cxd4 6. exd4 d6 7. Bg5 {A35: Symmetrical English: 2 Nc3 Nc6 3 Nf3.} (7. d5 $14 Ne5 8. Nxe5 Bxe5 9. Bd3) 7... Nf6 (7... Bg4 $11) 8. Be2 (8. d5 $16) 8... h6 $11 9. Bh4 (9. Be3 $11) 9... O-O ({Better is} 9... g5 $15 10. d5 gxh4 11. dxc6 bxc6) 10. Bg3 ({White should play} 10. d5 $14) 10... Nh5 {[#]} 11. O-O $146 (11. d5 $5 {[%cal Rd5c6]} Nb8 12. Qd2 $11) ({Predecessor:} 11. d5 Nb8 12. Nd4 Nxg3 13. hxg3 Qb6 14. Nb3 a5 15. a4 Na6 16. O-O Nb4 17. g4 {0-1 (32) Lengyel,A (1731)-Radnai,A (2334) Budapest 2014}) 11... Nxg3 12. hxg3 a6 13. a4 Nb4 14. Qd2 a5 (14... e5 $15) 15. Rad1 Bf5 16. Nb5 g5 (16... e6 $11) 17. d5 $1 $16 Bc2 18. Rc1 (18. Ra1 $1 $16) 18... Bxa4 $11 19. Nbd4 (19. Nfd4 $11 {keeps the balance.}) 19... Bd7 $17 20. Ra1 b6 21. Rfe1 Re8 22. Bd1 (22. Rac1 $15) 22... Qc7 $36 {[%mdl 2048] Black is on the roll.} 23. Bb3 (23. Rc1 $17) 23... Qc5 $1 $19 {Strongly threatening ...g4.} 24. Ne2 Bf5 25. Nc3 Nd3 26. Red1 $2 (26. Re3 $17 {was called for.} Qb4 27. Qc2) 26... Nxb2 (26... Qb4 $19 27. Ra3 Rac8) 27. Qxb2 $17 {[#]} Qb4 $4 {[%mdl 8192]} (27... b5 $1 $19 {[%cal Rb5b4][%mdl 512] avoids the disaster. White must now prevent ...b4.} 28. Qd2 (28. Nxb5 Bxb2) 28... a4 29. Nxa4 bxa4 30. Rxa4 Rxa4 31. Bxa4 Ra8) 28. Ra3 $4 {[%mdl 8192]} (28. Nd4 $18 {aiming for Ra4.} Bg4 29. f3) 28... Qxc3 29. Qa2 Qb4 30. Nh2 (30. Ba4 {might work better.}) 30... Rec8 $19 31. g4 Bg6 32. Nf3 (32. Ra4 {was the only chance.} Qc3 33. Ra3) 32... Qc5 33. Ne1 b5 {And now ...a4 would win.} 34. Nd3 $2 (34. Rxa5 Rxa5 35. Qxa5) 34... Qb6 $2 (34... Bxd3 35. Rxd3 bxc4 36. Bxc4 Qxc4 37. Qxc4 Rxc4) 35. c5 $2 (35. cxb5 Qxb5 36. Ba4) 35... Qxc5 $4 {[%mdl 8192]} (35... dxc5 $19 36. Bc2 c4) 36. Nxc5 $18 {White is clearly winning.} dxc5 37. Bc2 b4 {[#] ...Bxc2 is the strong threat.} 38. Ra4 $2 {Never resign too early! Accuracy: White = 25%, Black = 31%.} (38. Bxg6 $3 {[%mdl 512]} bxa3 (38... fxg6 39. Re3) 39. d6) 1-0

[Event "Stay Safe Play From Home 175"]
[Site "T#646355Emanuel Laske"]
[Date "2020.05.26"]
[Round "5"]
[White "Lamborghini"]
[Black "Eidgenosse"]
[Result "0-1"]
[WhiteElo "2214"]
[BlackElo "2423"]
[Annotator "RC"]
[PlyCount "98"]
[EventDate "2020.05.26"]
[EventType "swiss (blitz)"]

1. e4 {[%emt 0:00:02]} d6 {[%emt 0:00:00]} 2. d4 {[%emt 0:00:01]} Nf6 {[%emt 0:00:00]} 3. Nc3 {[%emt 0:00:00]} g6 {[%emt 0:00:00]} 4. Be3 {[%emt 0:00:02]} Bg7 {[%emt 0:00:01]} 5. f3 {[%emt 0:00:01]} c5 {[%emt 0:00:01]} 6. dxc5 {[%emt 0:00:01]} O-O {[%emt 0:00:01]} 7. cxd6 {[%emt 0:00:03]} exd6 {[%emt 0:00:00]} 8. Qd2 {[%emt 0:00:01]} Nc6 {[%emt 0:00:01]} 9. O-O-O {[%emt 0:00:01]} Be6 {[%emt 0:00:00]} 10. Nge2 {[%emt 0:00:02]} Qa5 {[%emt 0:00:01]} 11. Nf4 {[%emt 0:00:01]} Nb4 {[%emt 0:00:05]} 12. Nxe6 {[%emt 0:00:02]} Nxa2+ {[%emt 0:00:01]} 13. Nxa2 {[%emt 0:00:01]} Qxa2 {[%emt 0:00:00]} 14. Qb4 {[%emt 0:00:04]} fxe6 {[%emt 0:00:03]} 15. Bc4 {[%emt 0:00:01]} a5 {[%emt 0:00:10]} 16. Qb5 {[%emt 0:00:05]} Qa1+ {[%emt 0:00:07]} 17. Kd2 {[%emt 0:00:01]} Nxe4+ {[%emt 0:00:02]} 18. fxe4 {[%emt 0:00:01]} Qxb2 {[%emt 0:00:01]} 19. Qxb2 {[%emt 0:00:02]} Bxb2 {[%emt 0:00:00]} 20. Bxe6+ {[%emt 0:00:01]} Kg7 {[%emt 0:00:00]} 21. Rhf1 {[%emt 0:00:02]} a4 {[%emt 0:00:01]} 22. Rxf8 {[%emt 0:00:02]} Kxf8 {[%emt 0:00:00]} 23. Rb1 {[%emt 0:00:03]} a3 {[%emt 0:00:01]} 24. c3 {[%emt 0:00:02]} a2 {[%emt 0:00:02]} 25. Bxa2 {[%emt 0:00:03]} Rxa2 {[%emt 0:00:01]} 26. Kd3 {[%emt 0:00:00]} b5 {[%emt 0:00:02]} 27. Bd4 {[%emt 0:00:01]} Kf7 {[%emt 0:00:03]} 28. h4 {[%emt 0:00:01]} Ke6 {[%emt 0:00:00]} 29. g4 {[%emt 0:00:01]} b4 {[%emt 0:00:02]} 30. cxb4 {[%emt 0:00:02]} Ra3+ {[%emt 0:00:00]} 31. Kc4 {[%emt 0:00:01]} Bxd4 {[%emt 0:00:01]} 32. Kxd4 {[%emt 0:00:00]} Ra6 {[%emt 0:00:01]} 33. b5 {[%emt 0:00:01]} Rb6 {[%emt 0:00:00]} 34. g5 {[%emt 0:00:01]} Rb7 {[%emt 0:00:01]} 35. b6 {[%emt 0:00:01]} Kd7 {[%emt 0:00:01]} 36. Kd5 {[%emt 0:00:01]} Rb8 {[%emt 0:00:00]} 37. b7 {[%emt 0:00:01]} Kc7 {[%emt 0:00:00]} 38. e5 {[%emt 0:00:01]} dxe5 {[%emt 0:00:00]} 39. Rc1+ {[%emt 0:00:01]} Kd7 {[%emt 0:00:02]} 40. Rb1 {[%emt 0:00:00]} e4 {[%emt 0:00:01]} 41. Kxe4 {[%emt 0:00:01]} Kd6 {[%emt 0:00:00]} 42. Kf4 {[%emt 0:00:00]} Kd5 {[%emt 0:00:00]} 43. Kg4 {[%emt 0:00:01]} Ke4 {[%emt 0:00:00]} 44. h5 {[%emt 0:00:00]} gxh5+ {[%emt 0:00:01]} 45. Kxh5 {[%emt 0:00:01]} Kf5 {[%emt 0:00:00]} 46. Rb5+ {[%emt 0:00:01]} Kf4 {[%emt 0:00:01]} 47. Kh6 {[%emt 0:00:00]} Kg4 {[%emt 0:00:01]} 48. Rb6 {[%emt 0:00:00]} Re8 {[%emt 0:00:01]} 49. g6 {[%emt 0:00:00]} Re7 {[%emt 0:00:00] Zeit (Lag: Av=0.33s, max=0.5s)} 0-1

[Event "Stay Safe Play From Home 175"]
[Site "T#646355Emanuel Laske"]
[Date "2020.05.26"]
[Round "5"]
[White "Tolka"]
[Black "Lazieri3"]
[Result "1/2-1/2"]
[WhiteElo "2203"]
[BlackElo "2092"]
[Annotator "TA"]
[PlyCount "64"]
[EventDate "2020.05.26"]
[EventType "swiss (blitz)"]

{[%evp 9,64,29,40,7,-1,8,28,31,31,29,22,16,74,73,85,78,80,75,111,78,70,67,65,44,31,35,30,0,75,59,72,33,57,58,46,0,0,-61,-50,-56,-11,-79,-18,-87,-75,-297,-82,-345,-100,-217,-47,-47,-47,-137,0,-1181,-1163]} 1. e4 c6 2. Nc3 d5 3. Nf3 dxe4 4. Nxe4 Nd7 5. Qe2 Ndf6 6. Ne5 {B11: Caro-Kann: Two Knights Variation.} Nxe4 7. Qxe4 Nf6 8. Bc4 {[%csl Ge5][%cal Rc4f7] White has an edge.} e6 9. Qe2 Bd6 10. d4 {[#]} Bd7 $146 (10... Qc7 $11) ({Predecessor:} 10... Qc7 11. c3 O-O 12. O-O b6 13. Bg5 Nd5 14. Bd2 Bb7 15. Bd3 c5 16. Rad1 Rfd8 {1-0 (43) Gunina,V (2506)-Danielian,E (2417) chess.com INT 2019}) 11. Bg5 Be7 12. O-O-O Nd5 13. h4 h6 14. Bxe7 (14. Bd2 {with more complications.} b5 15. Bd3 Bf6 16. g4 Bxe5 17. Qxe5 Qf6 18. Qe4) 14... Qxe7 15. Kb1 O-O-O 16. Bxd5 exd5 17. Qf3 Be6 18. g3 Rde8 (18... Rhe8 $11 {remains equal.}) 19. Rhe1 $1 $16 Rhf8 20. a3 g5 21. hxg5 hxg5 22. Qc3 Qd6 23. Qb4 (23. Nd3 $11) 23... Qxb4 $15 24. axb4 Rh8 25. Rh1 (25. Kc1 $11) 25... Kc7 (25... f6 $17 26. Nd3 Bf5 27. Rxh8 Rxh8) 26. Nd3 (26. Kc1 $11) 26... Bf5 $17 27. Nc5 $2 (27. Rxh8 $17 {was called for.} Rxh8 28. Re1) 27... b6 $2 (27... Rxh1 $1 $19 28. Rxh1 Re2 {[%mdl 64] Double Attack}) 28. Nb3 $2 {[%mdl 8192] [#]} (28. Nd3 $17) 28... Kd6 $2 (28... Rxh1 $1 $19 {is more deadly.} 29. Rxh1 Re2 {[%mdl 64] Double Attack}) 29. Kc1 {[#]} (29. Rhf1 $17 {was worth a try.}) 29... Be4 $2 ({Black should try} 29... Rxh1 $1 $19 30. Rxh1 Re2) 30. Rxh8 $15 Rxh8 31. Kd2 ({Better is} 31. Nd2 $15) 31... Rh1 (31... Rh2 $17 32. Rf1 Bf5) 32. Ke3 $2 {[%mdl 8192]} (32. Rxh1 $11 Bxh1 33. Ke3) 32... Rxd1 {[%mdl 32768] Accuracy: White = 33%, Black = 49%. . An unexpected result.} 1/2-1/2